|
|
|
|
| LEADER |
02079nam a2200577 a 4500 |
| 001 |
nkc20112226437 |
| 003 |
CZ PrNK |
| 005 |
20111021111748.0 |
| 007 |
ta |
| 008 |
110922s2011 xr ac e 000 0dcze |
| 015 |
|
|
|a cnb002226437
|
| 020 |
|
|
|a 978-80-903890-9-0
|q (brož.)
|
| 035 |
|
|
|a (OCoLC)761170004
|
| 040 |
|
|
|a BOA001
|b cze
|d OLA001
|d ABA001
|
| 041 |
1 |
|
|a cze
|a eng
|h cze
|
| 043 |
|
|
|a e-xr---
|
| 045 |
|
|
|a x9y1
|
| 072 |
|
7 |
|a 77
|x Fotografie. Fotografické postupy
|2 Konspekt
|9 21
|
| 080 |
|
|
|a 77.03
|2 MRF
|
| 080 |
|
|
|a 77.065
|2 MRF
|
| 080 |
|
|
|a 316.728
|2 MRF
|
| 080 |
|
|
|a 316.3
|2 MRF
|
| 080 |
|
|
|a (437.3)
|2 MRF
|
| 080 |
|
|
|a (084.12)
|2 MRF
|
| 100 |
1 |
|
|a Mehešová, Olga,
|d 1974-
|7 mzk2011662415
|4 aut
|
| 245 |
1 |
0 |
|a Robert Goláň /
|c [texty Olga Mehešová a Pavel Kotrla]
|
| 260 |
|
|
|a Vsetín :
|b Dalibor Malina,
|c 2011
|
| 300 |
|
|
|a [84] s. :
|b il. ;
|c 21 x 23 cm
|
| 500 |
|
|
|a 400 výt.
|
| 504 |
|
|
|a Obsahuje bibliografii
|
| 546 |
|
|
|a Souběžný anglický text
|
| 600 |
1 |
7 |
|a Goláň, Robert,
|d 1971-
|7 mzk2002157082
|2 czenas
|
| 648 |
|
4 |
|a 1994-2010
|
| 648 |
|
7 |
|a 20.-21. století
|7 ch462155
|2 czenas
|
| 650 |
0 |
7 |
|a dokumentární fotografie
|7 ph119534
|z Česko
|y 20.-21. stol.
|2 czenas
|
| 650 |
0 |
7 |
|a černobílá fotografie
|7 ph166376
|z Česko
|y 20.-21. stol.
|2 czenas
|
| 650 |
0 |
7 |
|a každodenní život
|7 ph121555
|z Česko
|2 czenas
|
| 650 |
0 |
7 |
|a společnost
|7 ph116245
|z Česko
|2 czenas
|
| 650 |
0 |
9 |
|a documentary photography
|z Czechia
|y 20th-21st centuries
|2 eczenas
|
| 650 |
0 |
9 |
|a black-and-white photography
|z Czechia
|y 20th-21st centuries
|2 eczenas
|
| 650 |
0 |
9 |
|a everyday life
|z Czechia
|2 eczenas
|
| 650 |
0 |
9 |
|a society
|z Czechia
|2 eczenas
|
| 655 |
|
7 |
|a fotografické publikace
|7 fd132276
|2 czenas
|
| 655 |
|
9 |
|a photographical works
|2 eczenas
|
| 700 |
1 |
|
|a Kotrla, Pavel,
|d 1974-
|7 jo2002102553
|4 aut
|
| 700 |
1 |
|
|a Goláň, Robert,
|d 1971-
|7 mzk2002157082
|4 pht
|
| 910 |
2 |
|
|a BOA001
|b 2-1270.787
|
| 990 |
|
|
|a BK
|
| 995 |
|
|
|a 01
|
| 991 |
|
|
|b 201110
|c NOV
|e n
|
| 996 |
6 |
|
|b 2610489741
|c 2-1270.787
|l MZK
|r Sklad / do 1 hodiny
|n 0
|p p.v.
|w 001203871
|u 000010
|a 1
|e BOA001
|j MZK50
|s P
|